000 02035nam a22002417a 4500
005 20260227100230.0
008 211109b ||||| |||| 00| 0 eng d
020 _a0674504801
040 _cAL
041 _aeng
082 _223
_a339.22
_bPIKE
100 _aThomas Piketty
_910038
245 _aEconomics of Inequality
260 _aCambridge
_bThe Belknap Press of Harvard University Press
_c2015
300 _ax,152 p.
_bHB
_c25x19 cm.
365 _a3091
_b1557.60
_c
_d1947.00
_e20%
_f25-10-2021
520 _aThe Economics of Inequality as an introduction to the conceptual and factual background necessary for interpreting changes in economic inequality over time. This concise text has established itself as an indispensable guide for students and general readers in France, where it has been regularly updated and revised. Translated byArthur Goldhammer, The Economics of Inequality now appears in English for the first time. Piketty begins by explaining how inequality evolves and how economists measure it. In subsequent chapters, he explores variances in income and ownership of capital and the variety of policies used to reduce these gaps. Along the way, with characteristic clarity and precision, he introduces key ideas about the relationship between labor and capital, the effects of different systems of taxation, the distinction between “historical” and “political” time, the impact of education and technological change, the nature of capital markets, the role of unions, and apparent tensions between the pursuit of efficiency and the pursuit of fairness. Succinct, accessible, and authoritative, this is the ideal place to start for those who want to understand the fundamental issues at the heart of one of the most pressing concerns in contemporary economics and politics.
_uhttp://pinguet.free.fr/piketty2015.pdf
600 _aArthur Goldhammer Tr
_910051
650 _aIncome Distribution
_910040
650 _aEquality-Economic Aspects
_910041
650 _aEconomics
_910042
942 _2ddc
_cBK
999 _c220464
_d220464